000 00590nam a22001937a 4500
003 OSt
005 20260116024821.0
008 260116b |||||||| |||| 00| 0 eng d
020 _a971-93399-4-2.
040 _aDWCL-Main lib
_cOC
082 _aFil. 700 T114a 2006
100 _aTabotabo, Claudio T.
245 _aArt appreciation :
_bintroduction to the humanities
_cTabotabo, Claudio T.
260 _aMakati City :
_bMindxhapers Co., Inc.,
_cc2006.
300 _axi, 235 pages :
_billustration ;
_c22 cm.
650 _21. Arts.
650 _22. Humanities.
942 _2ddc
_cBK-FIL
_kFil.
_n0
999 _c7474
_d7474